Presentaciones del fondo mexicano para la conservación de la naturaleza y areas protegidas (FMCN) (Registro nro. 16522)

Detalles MARC
000 -CABECERA
Campo de control 006520000a22001930004500
090 ## - CLASIFICACIÓN LOCAL
Colección MM
Consecutivo 00146
041 0# - IDIOMA
Código de idioma para texto/pista de sonido o título separado
041 0# - IDIOMA
Código de idioma para texto/pista de sonido o título separado
044 ## - PAÍS DE PUBLICACIÓN
País de publicación
110 1# - ASIENTO PRINCIPAL--NOMBRE CORPORATIVO
Nombre corporativo o de jurisdicción como elemento de entrada Fondo Mexicano para la Conservación de la Naturaleza y Areas Protegidas
-- FMCN
245 10 - MENCION DE TITULO
Título Presentaciones del fondo mexicano para la conservación de la naturaleza y areas protegidas (FMCN)
260 ## - PUBLICACION, DISTRIBUCION, ETC. (PIE DE IMPRENTA)
Lugar de publicación, distribución, etc. México D. F.
Nombre del editor, distribuidor, etc. FMCN
Fecha de publicación, distribución, etc. 2002
300 ## - DESCRIPCION FISICA
Otros detalles físicos CD-ROM
650 14 - ASIENTO SECUNDARIO DE MATERIA - TERMINO TEMATICO
Término temático o nombre geográfico como elemento de entrada Organizaciones gubernamentales
650 14 - ASIENTO SECUNDARIO DE MATERIA - TERMINO TEMATICO
Término temático o nombre geográfico como elemento de entrada Política ambiental
650 14 - ASIENTO SECUNDARIO DE MATERIA - TERMINO TEMATICO
Término temático o nombre geográfico como elemento de entrada Sistemas nacionales de áreas protegidas
651 #4 - ASIENTO SECUNDARIO DE MATERIA - NOMBRE GEOGRAFICO
-- México
942 ## - ELEMENTOS ADICIONALES (KOHA)
Tipo de ítem CD-ROM
Existencias
Withdrawn status Lost status Sistema de Clasificación Damaged status No para préstamo Colección Ubicación Permanente Ubicación actual Fecha de adquisición Fuente de Valor Total Checkouts Número topográfico Inventario / Código de Barras Date last seen Ejemplar Price effective from Forma de adquisición Tipo de material
    Local     Audiovisual Bogotá Bogotá 03/05/2004 Lozano, Fabio   MM-00146 018348 25/03/2015 1 25/03/2015 Donación CD-ROM